Online privacy and Information disclosure by consumers (Record no. 514216)

000 -LEADER
fixed length control field 01113nam a22001457a 4500
008 - FIXED-LENGTH DATA ELEMENTS--GENERAL INFORMATION
fixed length control field 201014b ||||| |||| 00| 0 eng d
100 ## - MAIN ENTRY--PERSONAL NAME
Personal name Ichihashi, Shota
245 ## - TITLE STATEMENT
Title Online privacy and Information disclosure by consumers
260 ## - PUBLICATION, DISTRIBUTION, ETC. (IMPRINT)
Place of publication, distribution, etc The American Economic Review
300 ## - PHYSICAL DESCRIPTION
Extent 110(2), Feb, 2020: p.569-595
520 ## - SUMMARY, ETC.
Summary, etc I study the welfare and price implications of consumer privacy. A consumer discloses information to a multiproduct seller, which learns about his preferences, sets prices, and makes product recommendations. Although the consumer benefits from accurate recommendations, the seller may use the information to price discriminate. I show that the seller prefers to commit to not use information for pricing in order to encourage information disclosure. However, this commitment hurts the consumer, who could be better off by precommitting to withhold some information. In contrast to single-product models, total surplus may be lower if the seller can base prices on information.- Reproduce
773 ## - HOST ITEM ENTRY
Main entry heading The American Economic Review
906 ## - LOCAL DATA ELEMENT F, LDF (RLIN)
Subject DIP CONSUMERS
942 ## - ADDED ENTRY ELEMENTS (KOHA)
Item type Articles
Holdings
Withdrawn status Lost status Source of classification or shelving scheme Damaged status Not for loan Permanent location Current location Date acquired Serial Enumeration / chronology Barcode Date last seen Koha item type
          Indian Institute of Public Administration Indian Institute of Public Administration 2020-10-16 110(2), Feb, 2020: p.569-595 AR123256 2020-10-16 Articles

Powered by Koha